Lunas en vez de sombras y otros relatos de ciencia ficción / Chaves, José Ricardo; Clark, Jessica; González Chaves, Daniel; Lippi Rojas, Ericka; Molina Jiménez, Iván; Rossi, Anacristina
Збережено в:
| Автор: | |
|---|---|
| Формат: | Книга |
| Мова: | Spanish |
| Опубліковано: |
San José, Costa Rica
Editorial Universidad Estatal a Distancia
2013
|
| Предмети: | |
| Теги: |
Додати тег
Немає тегів, Будьте першим, хто поставить тег для цього запису!
|
MARC
| LEADER | 00000nam a2200000Ia 4500 | ||
|---|---|---|---|
| 008 | 170316s9999 xx 000 0 spa d | ||
| 020 | |a 978-9968-31-995-9 | ||
| 040 | |a cru BVZT | ||
| 090 | |a 868 CH-5.1L | ||
| 100 | |a Chaves, José Ricardo; Clark, Jessica; González Chaves, Daniel; Lippi Rojas, Ericka; Molina Jiménez, Iván; Rossi, Anacristina | ||
| 245 | |a Lunas en vez de sombras y otros relatos de ciencia ficción / Chaves, José Ricardo; Clark, Jessica; González Chaves, Daniel; Lippi Rojas, Ericka; Molina Jiménez, Iván; Rossi, Anacristina | ||
| 260 | |a San José, Costa Rica |b Editorial Universidad Estatal a Distancia |c 2013 | ||
| 300 | |a 100 páginas | ||
| 650 | |a LITERATURA COSTARRICENSE |9 17 | ||
| 650 | 0 | |a CUENTOS |9 271 | |
| 650 | 0 | |a CIENCIA FICCIÓN |9 117 | |
| 942 | 0 | 0 | |2 z |c 15 D |
| 999 | |c 30951 |d 30951 | ||



